These Words Have an 'Arm' Quiz Stats

 Plays Quiz Updated Nov 15, 2017

Challenge
Share
Tweet
Embed
Score 0/20 Timer 04:00
3 Plays Today
% Correct
Pharmacy
96.4%
Army
96.3%
Barmaid
96.2%
Farm
95.9%
Parmesan
95.9%
Marmalade
95.3%
Charm
95.1%
Harmonica
94.9%
Garment
94.9%
Harmony
94.8%
% Correct
Harm
94.6%
Earmuff
94.4%
Spearmint
93.7%
Marmot
91.2%
Endearment
90.8%
Karma
89.9%
Shawarma
89%
Yarmulke
88.4%
Carmine
88.1%
Earmark
85.9%

You're not logged in!

Compare scores with friends on all Sporcle quizzes.
Join for Free
OR
Log In

You Might Also Like...

Show Comments

Extras

Top Quizzes Today


Score Distribution

Your Account Isn't Verified!

In order to create a playlist on Sporcle, you need to verify the email address you used during registration. Go to your Sporcle Settings to finish the process.

Report this User

Report this user for behavior that violates our Community Guidelines.

Details: